000 00491nam a2200169Ia 4500
003 GCL
008 140319s9999 xx 000 0 ara d
040 _aGCL /
_cGCL
082 0 4 _a030
_bم ق
100 1 _aمترى الياس
245 1 0 _aقاموس الياس الجيب: عربى فرنسى /
_cمترى الياس
260 _a[S.N] :
_bدار الياس العصرية للطباعه والنشر
300 _a800 ص
490 _a
650 0 4 _aالمعاجم
942 _2ddc
_cBK
999 _c52564
_d52564